000 005570000a22001810004500
003 MACL
005 20160514132229.0
008 160514b xxu||||| |||| 00| 0 eng d
040 _aMACL
_cMACL
041 _aHindi
082 _a891.433
100 _aआर्य, जियालाल
_957036
245 _aविश्‍वास के अंकुर
_cजियालाल आर्य
260 _bललि‍त प्रकाशन
_c2002
_aदिल्‍ली
350 _a100
650 _aStories
_957037
942 _cHIN
_k800/ARY/S
_2ddc
999 _c9093
_d9093